000 00474nam a2200157 a 4500
001 3492
005 20180713183422.0
008 140415s1977 mx 000 0 spa d
041 _aspa
082 _a657.45
_bDEC
245 0 0 _aDECLARACION SOBRE NORMAS DE AUDITORIA
250 _a1a ed.
260 _aMEXICO :
_bINSTITUTO MEXICANO DE CONTADORES PUBLICOS,
_c1977
500 _aCODIFICACIÓN DE NORMAS Y PROCEDIMIENTOS DE AUDITORIA SAS
650 1 4 _aAUDITORIA
999 _c3492
_d3492